000 00498nam a22002057a 4500
003 UA-OsUOA
001 52157
007 ta
008 20080130b un ||||| |||| 00| 0 ukr d
090 _a32
_bВ-13
942 _cSA
040 _aUA-OsUOA
_bukr
_cUA-OsUOA
_dUA-OsUOA
245 _a"В України велике європейське майбутнє".
300 _a1-2 с.
955 _a0
041 _aukr
080 _a32
773 0 _w52156
650 7 _a32 Політика
_2UDC
999 _c338258
_d338258